| Tag |
First Indicator |
Second Indicator |
Subfields |
| LEADER |
00000cam a2200000 a 4500 |
| 001 |
in00000092065 |
| 005 |
20151008064138.0 |
| 008 |
760407s1975 nyua b 10110 eng d |
| 035 |
|
|
|a (OCoLC)02097974
|
| 035 |
|
|
|9 AAK3621AM
|
| 040 |
|
|
|a DXU
|c DXU
|d m.c.
|d TXA
|d UtOrBLW
|
| 049 |
|
|
|a TXAM
|c [1655138]
|
| 090 |
|
|
|a TC401
|b .C65 1973
|
| 111 |
2 |
|
|a Conference on Interdisciplinary Analysis of Water Resource Systems
|d (1973 :
|c University of Colorado)
|
| 245 |
1 |
0 |
|a Proceedings of the Conference on Interdisciplinary Analysis of Water Resource Systems :
|b June 19-22, 1973 ; University of Colorado, Boulder, Colorado /
|c edited by J. Ernest Flack ; arranged by the Water Resources Systems Committee of the American Society of Civil Engineers Technical Council on Water Resources Planning and Management.
|
| 264 |
|
1 |
|a New York :
|b American Society of Civil Engineers,
|c [1975]
|
| 264 |
|
4 |
|c ©1975
|
| 300 |
|
|
|a viii, 403 pages :
|b illustrations ;
|c 22 cm.
|
| 336 |
|
|
|a text
|b txt
|2 rdacontent
|
| 337 |
|
|
|a unmediated
|b n
|2 rdamedia
|
| 338 |
|
|
|a volume
|b nc
|2 rdacarrier
|
| 500 |
|
|
|a "ASCE Project 201.07/17-3.72-4."
|
| 504 |
|
|
|a Includes bibliographies and indexes.
|
| 650 |
|
0 |
|a Water resources development
|v Congresses.
|
| 700 |
1 |
|
|a Flack, J. Ernest
|q (John Ernest),
|d 1929-
|
| 710 |
2 |
|
|a American Society of Civil Engineers.
|b Water Resources Systems Committee.
|
| 999 |
|
|
|a MARS
|
| 999 |
f |
f |
|s fbfa837c-d68e-3169-8590-0076c220a478
|i 590a36bb-50b2-337e-8aec-64ca22f99b13
|t 0
|
| 952 |
f |
f |
|p ric
|a Texas A&M University
|b Rellis Campus
|c Joint Library Facility
|d Remote Storage
|t 0
|e TC401 .C65 1973
|h Library of Congress classification
|i unmediated -- volume
|m A14806244366
|
| 998 |
f |
f |
|a TC401 .C65 1973
|t 0
|l Remote Storage
|